Statistiques concernant Personnage mystère #11

Cliquez ici pour prendre le quiz!

Statistiques générales

  • Ce quiz a été pris 312 fois
  • Le résultat moyen est 6 sur 7

Statistiques - réponses

LettresIndices% Correct
GORUERouge
96%
ECHASTUOMMoustache
95%
SAQETUCTECasquette
85%
RIEMOPBLPlombier
84%
SETAPELOTSalopette
83%
Nom du personnageMario
81%
ODNETNINNintendo
81%

Distribution des résultats

Percentile par nombre de réponses

% des personnes avec chaque résultat

Votre développement - résultats

Vous n’avez pas pris ce quiz